Diario de un gato asesino

में बचाया:
ग्रंथसूची विवरण
मुख्य लेखक: Fine, Anne (लेखक)
स्वरूप: पुस्तक
भाषा:स्पेनिश
प्रकाशित: Madrid Ediciones SM 2006
संस्करण:8a. ed
श्रृंखला:El Barco de Vapor. Serie Azul, 84
विषय:
टैग: टैग जोड़ें
कोई टैग नहीं, इस रिकॉर्ड को टैग करने वाले पहले व्यक्ति बनें!

MARC

LEADER 00000cam a2200000 a 4500
001 UCF6948
003 CL-VaPUC
008 130530e20060900SP |||||||||||||||||spa|d
020 |a 843486245X 
082 0 4 |a 823  |b FIN  |2 21 
100 0 |a Fine, Anne  |e author  |9 568917 
245 1 0 |a Diario de un gato asesino 
250 |a 8a. ed 
300 |a 57 p 
942 |c BK 
945 |d 20130530 00:00:00  |a dcastane 
260 |a Madrid  |b Ediciones SM  |c 2006 
650 0 |a Literatura inglesa  |9 312907 
650 0 |a Cuentos ingleses  |9 265135 
650 0 |a Literatura infantil   |9 307465 
583 |a last modification  |c 20130530 09:49:00  |k Rodrigo Vera 
490 0 |a El Barco de Vapor. Serie Azul, 84 
999 |c 351931  |d 351929